000 01264nam a2200229Ia 4500
001 L232-6420
003 IT-CnALBA
008 170116s9999||||xx |||||||||||||| ||und||
040 _aIT-CnALBA
_cIT-CnALBA
041 _aITALIANO
100 _aSALES P. MARCO, OP.
245 0 _aLA VITA DI GESÙ NARRATA COLLE PAROLE DEL VANGELO. I QUATTRO VANGELI COORDINATI IN UN SOLO RACCONTO.
250 _a2a ed.
260 _aTORINO
_bLICE. ROBERTO BERRUTI & C.
_c1911 [1° Ed.: n.d.]
300 _a302 p. (prefazione: 7)
500 _aINCARNAZIONE. INFANZIA E VITA PRIVATA DI GESÙ. GENEALOGIA NASCITA. MAGI. TEMPIO BATTESIMO TENTAZIONI DI GESÙ. VOCAZIONE DEI PRIMI DISCEPOLI. MATTEO. MIRACOLI. PARABOLE INSEGNAMENTI. MARTIRIO DI GIOVANNI BATTISTA. TRASFIGURAZIONE. PRIMATO DI PIETRO. PASSIO
501 _aSocietà San Paolo EM - Piazza San Paolo, 14 - 12051 ALBA (CN) (non commercial uses only) ® Copyright 2017
520 _aINCARNAZIONE. INFANZIA E VITA PRIVATA DI GESÙ. GENEALOGIA NASCITA. MAGI. TEMPIO BATTESIMO TENTAZIONI DI GESÙ. VOCAZIONE DEI PRIMI DISCEPOLI. MATTEO. MIRACOLI. PARABOLE INSEGNAMENTI. MARTIRIO DI GIOVANNI BATTISTA. TRASFIGURAZIONE. PRIMATO DI PIETRO. PASSIO
650 _aVITA E MISTERO DI CRISTO
942 _cBK
957 _71
999 _a7396
_bSI
_g Copie: 1
_c265602
_d265602